MDQL
is popping MORE tags! Check the
thread
!
Quizzes
Events
Quiz Creation
Community
Videos
Private Events
Remove Ads
Sign In
Join for FREE
Feedback
Dark Mode
Quiz Categories
Sports
Geography
Music
Movies
Television
Just For Fun
Miscellaneous
History
Literature
Language
Science
Gaming
Entertainment
Religion
Holiday
For Kids
Quiz Lab
Recent
Popular Today
Quiz Kudos Today
Editor Picks
Curator Picks
Quizzes by...
Day
Popularity
Type
Ratings
Length
Year
Community
Subscriptions
Recent Discussions
Orange Saloon
Badges
Playlists
Quests
Create
Leaderboards
Showdown
Live 5
Trivia Bingo
Activity
Puzzle Library
Sporcle Events
Private Events
Virtual Trivia
Globe League
Become a Host
Pub Owners
SporcleCon
Opinionation
Our Games
Videos
Blog
Mobile Apps
Partnerships
Remove Ads and Go Orange
Feedback
History
US Presidents
World Leaders
Politics
Nation
Discovery
War
Decade
Year
Century
Biography
Art
History
US Presidents
World Leaders
Politics
Nation
Discovery
War
Decade
Year
Century
Biography
Art
Random Quiz
Search Sporcle
×
Quiz Lab
Quiz Lab
History
World Leaders
Type in answers that appear in a list
Type in answers that appear in a list
Classic
Best Score? Go Orange.
British Kings and Queens Oh My!!! Stats
Can you name the British Kings and Queens along with what house they belonged to and the years of their reign?
By
gvilleguy1124
15m
123 Questions
519 Plays
519 Plays
519 Plays
Comments
Comments
Give Quiz Kudos
Give Quiz Kudos
-
- Ratings
hide this ad
Replay
Link that replays current quiz
Next Quiz
Link to next quiz in quiz playlist
You Got
0%
They Got
Avg Score
68%
Avg Friend Score
Upgrade to see
Score Distribution
Jump to the score distribution portion of the page
Score
0/123
Timer
15:00
0
Plays Today
Items
Monarch, House & Reign
% Correct
Charles I
Charles I Stuart 1625-1649
79.6%
Stuart
Charles I Stuart 1625-1649
79.6%
1625-
1649
Charles I Stuart 1625-1649
79.6%
Anne
Anne Stuart 1702-1714
79.4%
Stuart
Anne Stuart 1702-1714
79.4%
1702-
1714
Anne Stuart 1702-1714
79.4%
Elizabeth I
Elizabeth I Tudor 1558-1603
78.4%
Tudor
Elizabeth I Tudor 1558-1603
78.4%
1558-
1603
Elizabeth I Tudor 1558-1603
78.4%
Charles II
Charles II Stuart 1660-1685
78.2%
Stuart
Charles II Stuart 1660-1685
78.2%
1660-
1685
Charles II Stuart 1660-1685
78.2%
Edward VIII
Edward VIII Windsor 1936
74.6%
Windsor
Edward VIII Windsor 1936
74.6%
1936
Edward VIII Windsor 1936
74.6%
Elizabeth II
Elizabeth II Windsor 1952-present
73.8%
William I
William I Normandy 1066-1087
73.8%
Normandy
William I Normandy 1066-1087
73.8%
Windsor
Elizabeth II Windsor 1952-present
73.8%
1066-
1087
William I Normandy 1066-1087
73.8%
1952-
present
Elizabeth II Windsor 1952-present
73.8%
George VI
George VI Windsor 1936-1952
73.2%
Windsor
George VI Windsor 1936-1952
73.2%
1936-
1952
George VI Windsor 1936-1952
73.2%
Edward VI
Edward VI Tudor 1547-1553
73%
Henry VIII
Henry VIII Tudor 1509-1547
73%
Tudor
Henry VIII Tudor 1509-1547
73%
Tudor
Edward VI Tudor 1547-1553
73%
1509-
1547
Henry VIII Tudor 1509-1547
73%
1547-
1553
Edward VI Tudor 1547-1553
73%
Henry I
Henry I Normandy 1100-1135
72.4%
Normandy
Henry I Normandy 1100-1135
72.4%
1100-
1135
Henry I Normandy 1100-1135
72.4%
George I
George I Hanover 1714-1727
72.3%
George III
George III Hanover 1760-1820
72.3%
Hanover
George I Hanover 1714-1727
72.3%
Hanover
George III Hanover 1760-1820
72.3%
1714-
1727
George I Hanover 1714-1727
72.3%
1760-
1820
George III Hanover 1760-1820
72.3%
Mary I
Mary I Tudor 1553-1558
71.1%
Tudor
Mary I Tudor 1553-1558
71.1%
Items
Monarch, House & Reign
% Correct
1553-
1558
Mary I Tudor 1553-1558
71.1%
George V
George V Windsor 1910-1936
70.9%
William II
William II Normandy 1087-1100
70.9%
Normandy
WIlliam II Normandy 1087-1100
70.9%
Windsor
George V Windsor 1910-1936
70.9%
1087-
1100
William II Normandy 1087-1100
70.9%
1910-
1936
George V Windsor 1910-1936
70.9%
George II
George II Hanover 1727-1760
70.7%
Henry VII
Henry VII Tudor 1485-1509
70.7%
James I
James I Stuart 1603-1625
70.7%
Hanover
George II Hanover 1727-1760
70.7%
Stuart
James I Stuart 1603-1625
70.7%
Tudor
Henry VII Tudor 1485-1509
70.7%
1485-
1509
Henry VII Tudor 1485-1509
70.7%
1603-
1625
James I Stuart 1603-1625
70.7%
1727-
1760
George II Hanover 1727-1760
70.7%
George IV
George IV Hanover 1820-1830
70.5%
Hanover
George IV Hanover 1820-1830
70.5%
1820-
1830
George IV Hanover 1820-1830
70.5%
Edward I
Edward I Plantagenet 1272-1307
69%
Plantagenet
Edward I Plantagenet 1272-1307
69%
1272-
1307
Edward I Plantagenet 1272-1307
69%
Edward II
Edward II Plantagenet 1307-1327
68.8%
Edward VII
Edward VII Saxe-Coburg-Gotha 1901-1910
68.8%
Plantagenet
Edward II Plantagenet 1307-1327
68.8%
Saxe-
Coburg-
Gotha
Edward VII Saxe-Coburg-Gotha 1901-1910
68.8%
1307-
1327
Edward II Plantagenet 1307-1327
68.8%
1901-
1910
Edward VII Saxe-Coburg-Gotha 1901-1910
68.8%
Edward III
Edward III Plantagenet 1327-1377
68.6%
Plantagenet
Edward III Plantagenet 1327-1377
68.6%
1327-
1377
Edward III Plantagenet 1327-1377
68.6%
Edward V
Edward V York 1483
68.2%
York
Edward V York 1483
68.2%
1483
Edward V York 1483
68.2%
Victoria
Victoria Hanover 1837-1901
67.6%
Hanover
Victoria Hanover 1837-1901
67.6%
1837-
1901
Victoria Hanover 1837-1901
67.6%
James II
James II Stuart 1685-1688
67.1%
Stuart
James II Stuart 1685-1688
67.1%
1685-
1688
James II Stuart 1685-1688
67.1%
Henry II
Henry II Angevin 1154-1189
66.1%
Items
Monarch, House & Reign
% Correct
Angevin
Henry II Angevin 1154-1189
66.1%
1154-
1189
Henry II Angevin 1154-1189
66.1%
Richard I
Richard I Angevin 1189-1199
65.3%
Angevin
Richard I Angevin 1189-1199
65.3%
1189-
1199
Richard I Angevin 1189-1199
65.3%
Stephen
Stephen Blois 1135-1154
64.9%
Blois
Stephen Blois 1135-1154
64.9%
1135-
1154
Stephen Blois 1135-1154
64.9%
John
John Angevin 1199-1216
64.7%
Angevin
John Angevin 1199-1216
64.7%
1199-
1216
John Angevin 1199-1216
64.7%
Richard III
Richard III York 1483-1485
64%
York
Richard III York 1483-1485
64%
1483-
1485
Richard III York 1483-1485
64%
Edward IV
Edward IV York 1461-1470 & 1471-1483
63.6%
York
Edward IV York 1461-1470 & 1471-1483
63.6%
1461-
1470 & 1471-
1483
Edward IV York 1461-1470 & 1471-1483
63.6%
Henry IV
Henry IV Lancaster 1399-1413
63.4%
Lancaster
Henry IV Lancaster 1399-1413
63.4%
1399-
1413
Henry IV Lancaster 1399-1413
63.4%
Henry V
Henry V Lancaster 1413-1422
62.8%
Lancaster
Henry V Lancaster 1413-1422
62.8%
1413-
1422
Henry V Lancaster 1413-1422
62.8%
Henry VI
Henry VI Lancaster 1422-1461 & 1470-1471
61.7%
Lancaster
Henry VI Lancaster 1422-1461 & 1470-1471
61.7%
1422-
1461 & 1470-
1471
Henry VI Lancaster 1422-1461 & 1470-1471
61.7%
William IV
William IV Hanover 1830-1837
61.5%
Hanover
William IV Hanover 1830-1837
61.5%
1830-
1837
William IV Hanover 1830-1837
61.5%
Henry III
Henry III Plantagenet 1216-1272
61.3%
Plantagenet
Henry III Plantagenet 1216-1272
61.3%
1216-
1272
Henry III Plantagenet 1216-1272
61.3%
Mary II
Mary II Stuart 1689-1694
61.1%
Stuart
Mary II Stuart 1689-1694
61.1%
1689-
1694
Mary II Stuart 1689-1694
61.1%
Richard II
Richard II Plantagenet 1377-1399
59.7%
Plantagenet
Richard II Plantagenet 1377-1399
59.7%
1377-
1399
Richard II Plantagenet 1377-1399
59.7%
William III
William III Orange 1689-1702
57.8%
Orange
William III Orange 1689-1702
57.8%
1689-
1702
William III Orange 1689-1702
57.8%
Quiz Playlist
Details
Report
Send in Message
Add To Playlist
Classic:
Type in answers that appear in a list
Last Updated: Jun 13, 2017
Quiz Scoreboard
CHALLENGE
Sign Up to Join the Scoreboard
Show All
Scores
Hide
Comments
May contain spoilers
Recently Published
Holiday 10x10 Sorting Gallery
by lukepisani3
Holiday
15m
Two Season TV Shows II
by 123Four
Television
10m
Image Sorting: Flags VI
by Barbecue
Geography
2m
More to Explore
Quiz From the Vault
Featured Blog Post
14 Easter Pick-up Lines to Find Eggs With
hide this ad
You Might Also Like...
Tags
World Leaders Quiz
along
British
house
item
King
monarch
Queen
reign
Today's Top Quizzes in History
Browse History
hide this ad
Today's Top Quizzes in World Leaders
Browse World Leaders
Top Contributed Quizzes in History
1
I Am Born On March 29th
2
Order Up: 1000 Years of World Events I
3
US National Parks Named After People
4
Popular People in 1991
5
Popular People in 1951
6
Popular People in 1941
7
Popular People in 1981
8
Popular People in 1986
9
Popular People in 1976
10
Popular People in 1921
Explore More
Trending Topics
Harry Potter
Disney
Crossword
Anime
Kpop
NBA
Marvel
Soccer
Pokémon
Puzzle
Song
The Office
Country
WWE
NFL
hide this ad
More By:
gvilleguy1124
Quiz
Plays
Rating
Category
Featured
Created
100 Books, 100 Authors
64,426
4.54
Literature
Oct 15, 2011
Every Single Oscar Winning Actress Ever!
23,441
4.59
Movies
Mar 20, 2012
Lip Sync for Your Life Minefield
11,373
3.25
Television
Jan 7, 2017
ASOIAF Top 100 Characters
6,023
4.80
Literature
Jul 23, 2014
Oscar Best Actress Nominees (1960-2011)
3,042
4.80
Movies
Feb 28, 2012
Go to Creator's Profile
Score Distribution
Quiz Creator Spotlight
gvilleguy1124
Follow
Send a Message
Quizzes Created
-
Created Quiz Play Count
-
More By This Creator
Popular Quizzes Today
1
Find the US States - No Outlines Minefield
2
Colored Red Africa Blitz
3
Find the 'City' Movie
4
The Countries of the World
5
5x2 Blitz: Bands
6
Find the Countries of Europe - No Outlines Minefield
7
Find the US States
8
US States
More History Quizzes
On This Day: August 22nd
Published
Trending Quizzes
Colored Red Europe Blitz I
Colored Red Africa Blitz II
Colored Red Europe Blitz II
Even More Two Season TV Shows
Colored Red Africa Blitz III
Recently Updated
Quick Pick: 20 Twenties
pecheneg
March Madness Men's Triple Doubles
pecheneg
How Do You Spell That?
pecheneg
Godzilla Movies
pecheneg
Grab Bag: 4-10 Letters
pecheneg
2024 March Madness Bracket
pecheneg
Famous TV Couples
Peacemaker
Champions League XIs: Real Madrid
pecheneg
Largest US Cities 1790-2010
pecheneg
Rides in Walt Disney World
pecheneg
Trending Topics
Anime
Kpop
NBA
Crossword
Disney
Harry Potter
Marvel
Pokémon
Soccer
WWE
NFL
Song
Country
The Office
Puzzle
Your Account Isn't Verified!
In order to create a playlist on Sporcle, you need to verify the email address you used during registration. Go to your
Sporcle Settings
to finish the process.
Report this User
Report this user for behavior that violates our
Community Guidelines
.
Details:
Send Report
Go to the Sporcle.com Mobile Site →
Comments